Contabilidad intermedia Alumno /

Bibliographic Details
Main Author: Mendoza Mendoza, Mara̕ Concepcin̤
Format: eBook
Language:Spanish
Published: Mx̌ico DF: Instituto Mexicano de Contadores Pb︢licos, 2013
Subjects:
Online Access:Acceso restringido

MARC

LEADER 00000nam a22000007a 4500
005 2018022702222.0
007 cr|||| ||||
008 180227s2013 mx |||||s|||| 00||0 spa d
020 |a 978-607-8331-41-3 
035 |a 21011 
040 |a vLex 
090 |c 7422  |d 7422 
100 1 |a Mendoza Mendoza, Mara̕ Concepcin̤ 
245 1 0 |a Contabilidad intermedia  |h [Recurso electrn̤ico] :  |b Alumno /  |c Mara̕ Concepcin̤ Mendoza Mendoza 
256 |a Servicio en ln̕ea 
260 |a Mx̌ico DF:  |b Instituto Mexicano de Contadores Pb︢licos,  |c 2013 
300 |a 1 recurso electrn̤ico 
506 1 |a Disponible solo en los productos indicados  |d vLex Global  |d vLex Global (Academic Edition, excluding Law Schools)  |d vLex Global (U.S. Academic Edition, Law Schools)  |d vLex Global (U.S. Academic Edition, excluding Law Schools)  |d vLex Global (Academic Edition, Law Schools) 
650 0 4 |a Contabilidad  |z Mx̌ico 
740 0 |a vLex Libros (Servicio en ln̕ea) 
856 4 0 |u http://vlex.com/source/contabilidad-intermedia-alumno-21011  |z Acceso restringido 
942 |c BOOK 
999 0 |a Accounting